The Bolivian Andes: A record of climbing & exploration in the Cordillera Real in the years 1898 and 1900

Saved in:
Bibliographic Details
Main Author: Conway, Martin (Author)
Format: Book
Language:English
Published: Nueva York Harpers & Brothers Publishers 1901
Edition:1a. ed
Subjects:
Tags: Add Tag
No Tags, Be the first to tag this record!

MARC

LEADER 00000nam a2200000 a 4500
001 UCJ3732
003 CL-VaPUC
008 070124e19010500US |||||||||||||||||eng|d
082 0 4 |a 910.4  |b CON  |2 21 
100 0 |a Conway, Martin  |e author  |9 506021 
245 1 4 |a The Bolivian Andes: A record of climbing & exploration in the Cordillera Real in the years 1898 and 1900 
250 |a 1a. ed 
300 |a 401 p 
942 |c BK 
945 |d 20070124 00:00:00  |a rinostro 
260 |a Nueva York  |b Harpers & Brothers Publishers  |c 1901 
500 |a Contiene numerosas fotografías y un apéndice relativo a la minería en Bolivia 
650 0 |a Viajes  |9 257115 
650 0 |a Andinismo   |9 506022 
650 0 |a Revoluciones  |9 255713 
650 0 |a Caucho  |9 271595 
650 7 |a ORO  |2 CL-VaPUC  |9 324927 
650 0 |a Minería  |9 326008 
650 7 |a ESTAÑO  |2 CL-VaPUC  |9 447163 
651 0 |a Bolivia  |9 255454 
651 7 |a LAGO TITICACA  |2 CL-VaPUC  |9 506023 
651 7 |a LA PAZ  |2 CL-VaPUC  |9 359439 
651 7 |a ORURO  |2 CL-VaPUC  |9 506024 
583 |a last modification  |c 20070124 00:00:00  |k Rodrigo Vera 
999 |c 319854  |d 319852 
952 |0 0  |1 0  |4 0  |6 910_400000000000000_CON_1901  |7 0  |8 X  |9 398251  |a FDOBUD  |b FDOBUD  |d 2019-11-22  |i 1007637  |o 910.4 CON 1901  |p 1007637  |r 2019-11-22  |w 2019-11-22  |y BK_X  |k BUD